Industria é invenciones : revista semanal ilustrada revista semanal ilustrada
Publicado:
Barcelona :
Establecimiento Tipográfico de Henrich y Ca., en comandita, suc. de Ramírez y ca ,
1884
Descripción Física:
1 volum il·lustracions, periodicitat semanal ; 32 cm
Materias:
Propietat industrial -- Espanya -- Revistes
; Patents d'invenció -- Espanya -- Revistes
; Tecnologia -- Revistes
Idioma:
Español
MARC
| LEADER | 00000nas a2200000 a 4500 | ||
|---|---|---|---|
| 003 | Arxiu | ||
| 005 | 20260324180014.0 | ||
| 008 | 160829d18841921sp wrxp spa c | ||
| 040 | |a AGDB | ||
| 080 | |a Revistes | ||
| 245 | 0 | 0 | |a Industria é invenciones : |b revista semanal ilustrada |
| 260 | |a Barcelona : |b Establecimiento Tipográfico de Henrich y Ca., en comandita, suc. de Ramírez y ca., |c 1884-1921 | ||
| 300 | |a 1 volum |b il·lustracions, periodicitat semanal ; |c 32 cm | ||
| 362 | |a 1884-1921 | ||
| 590 | |a Setmanal. | ||
| 590 | |a Descripció basada en: T. 15, núm. 1 (gen. 1891). | ||
| 590 | |a Prové de 2277, exp. 6 | ||
| 650 | |a Propietat industrial |x Espanya |x Revistes |9 43578 | ||
| 650 | |a Patents d'invenció |x Espanya |x Revistes |9 43579 | ||
| 650 | |a Tecnologia |x Revistes |9 43580 | ||
| 866 | |a T. 15, 1891 (1) | ||
| 901 | |a Arxiu | ||
| 942 | |n 1 |2 udc |c REV | ||
| 952 | |0 0 |1 0 |4 0 |6 REV2203 |7 1 |9 51517 |a Arxiu |b Arxiu |d 2023-06-20 |h Tomo XV, núm. 1 (3 de enero de 1891) |o Rev-2203 |p 28061 |r 2016-12-01 00:00:00 |w 2016-12-01 |y ARXIU | ||
| 999 | |c 55362 |d 55362 | ||